| 000 | 00572nam a2200205Ia 4500 | ||
|---|---|---|---|
| 003 | GCL | ||
| 008 | 140319s9999 xx 000 0 ara d | ||
| 040 |
_aGCL / _cGCL |
||
| 082 | 0 | 4 |
_a581.15 _bا ا |
| 100 | 1 | _aاحمد عفيفى | |
| 245 | 1 | 0 |
_aالاسس الوراثية والسيكولوجية فى تدريب النبات / _cاحمد عفيفى |
| 260 |
_a[S.N] : _bمطبعة مصر |
||
| 300 | _a341 ص | ||
| 490 | _a | ||
| 650 | 0 | 4 | _aالعلم |
| 650 | 0 | 4 | _aعلم النبات |
| 650 | 0 | 4 | _aالوراثة |
| 650 | 0 | 4 | _aالنبات |
| 942 |
_2ddc _cBK |
||
| 999 |
_c40178 _d40178 |
||